000 00368 a2200169 4500
001 72358
020 _a8526242156
040 _cAnchieta - Colégio São Paulo
100 _aBraz, Júlio Emílio
240 1 0 _aPretinha, eu?
_lpor
245 1 0 _aPretinha, eu?
300 _a63
362 0 _a2002
440 1 _aScipione
650 4 _aLiteratura juvenil
942 _cBK
999 _c72358
_d72358